000 00741nam a2200217 i 4500
001 bg
100 1 _aMAZUR, Barbara
245 1 0 _aPejzaż kulturowy krajów Europy Środkowo-Wschodniej /
_cBarbara Mazur.
260 _aBiałystok :
_bWydawnictwo Politechniki Białostockiej,
_c2006.
300 _a98 s. :
_bwykr. ;
_c24 cm.
490 1 _aRozprawy Naukowe / Politechnika Białostocka,
_x0867-096X ;
_vnr 135
504 _aBibliogr.
651 9 _aEuropa Środkowo-Wschodnia
_xkultura
651 9 _aEuropa Środkowo-Wschodnia
_xsocjologia
830 0 _aRozprawy Naukowe (Politechnika Białostocka) ;
_vnr 135
040 _cBPK
041 0 _apol
080 _a316.7(4-191.2-11)
942 _cKS
008 s pl f |000 0 pol
999 _c52699
_d52699
856 _uhttp://koha.tu.koszalin.pl/cgi-bin/koha/opac-detail.pl?biblionumber=52699
_yKatalog online BPK